Normal view MARC view

Entry Personal Name

Number of records used in: 6

001 - CONTROL NUMBER

  • control field: 2748

003 - CONTROL NUMBER IDENTIFIER

  • control field: dpl

005 - DATE AND TIME OF LATEST TRANSACTION

  • control field: 20100730153252.0

008 - FIXED-LENGTH DATA ELEMENTS

  • fixed length control field: 100730|||a|||||| | ||| d

040 ## - CATALOGING SOURCE

  • Original cataloging agency: dpl
  • Transcribing agency: dpl

100 ## - HEADING--PERSONAL NAME

  • Personal name: Thorpe, Showick

670 ## - SOURCE DATA FOUND

  • Source citation: Work cat.: (dpl): Thorpe, Edgar 2747, The pearson guide to bthe state bank of India clerical recruitment examination, 2010

670 ## - SOURCE DATA FOUND

  • Source citation: Work cat.: (dpl): Thorpe, Edgar 2747, The pearson guide to bthe state bank of India clerical recruitment examination, 2010

© Delhi Public Library
Hit Counter
free hit counter